Městské právo v 16.-18. století v Evropě sborník příspěvků z mezinárodní konference uspořádané Právnickou fakultou UK ve dnech 25.-27. záři 1979 v Praze

Gespeichert in:
Bibliographische Detailangaben
Weitere Verfasser: Malý, Karel
Format: Buch
Sprache:Tschechisch
Veröffentlicht: Praha Univerzita Karlova 1982
Tags: Tag hinzufügen
Keine Tags, Fügen Sie das erste Tag hinzu!

MARC

LEADER 00000nam a2200000 4500
001 c132841
005 20221207065837.4
041 0 |a cze 
044 |a CZ 
245 1 0 |a Městské právo v 16.-18. století v Evropě  |b sborník příspěvků z mezinárodní konference uspořádané Právnickou fakultou UK ve dnech 25.-27. záři 1979 v Praze  |c Red. Karel Malý 
264 1 |a Praha  |b Univerzita Karlova  |c 1982 
300 |a 383 s. 
700 1 |a Malý, Karel